MLS 2021 every goalscorer - Statistics

General Stats
  • This quiz has been taken 11 times
  • The average score is 55 of 355
Answer Stats
ANSWERS % Correct
Austin 4 Alexander Ring
60%
Sporting KC 1 Felipe Hernandez
60%
LA Galaxy 17 Javier Hernandez
60%
Atlanta 12 Josef Martinez
60%
Houston 7 Maximiliano Urruti
60%
DC United 19 Ola Kamara
60%
Atlanta 1 Ronald Hernandez
60%
New England 9 Tajon Buchanan
60%
New England 17 Adam Buksa
40%
Nashville 1 Alistair Johnston
40%
Vancouver 2 Andy Rose
40%
New England 2 Arnor Traustason
40%
Miami 1 Blaise Matuidi
40%
Real Salt Lake 3 Bobby Wood
40%
New England 2 Brandon Bye
40%
DC United 1 Brendan Hines-Ike
40%
LAFC 4 Brian Rodriguez
40%
New England 4 Carles Gil
40%
LAFC 5 Carlos Vela
40%
Nashville 12 Charles Sapong
40%
Houston 1 Christian Ramirez
40%
Sporting KC 16 Daniel Salloi
40%
New England 3 DeJuan Jones
40%
Austin 7 Diego Fagundez
40%
Montreal 4 Djordje Mihailovic
40%
Colorado 5 Dominique Badji
40%
Cincinnati 1 Edgar Castillo
40%
New England 2 Emmanuel Boateng
40%
Minnesota 3 Ethan Finlay
40%
Atlanta 7 Ezequiel Barco
40%
Miami 12 Gonzalo Higuain
40%
Sporting KC 1 Graham Zusi
40%
New England 15 Gustavo Bou
40%
Nashville 19 Hany Mukhtar
40%
New England 1 Henry Kessler
40%
Sporting KC 1 Ilie Sanchez
40%
NYCFC 7 Ismael Tajouri-Shradi
40%
Dallas 8 Jesus Ferreira
40%
New England 1 Jonathan Bell
40%
LA Galaxy 1 Jonathan Dos Santos
40%
Colorado 7 Jonathan Lewis
40%
Sporting KC 16 Jonathan Russell
40%
Cincinnati 1 Jürgen Locadia
40%
New England 2 Matt Polster
40%
Houston 2 Memo Rodriguez
40%
Dallas 13 Ricardo Pepi
40%
Nashville 1 Robert Castellanos
40%
Montreal 1 Samuel Piette
40%
NYCFC 4 Santiago Rodriguez
40%
DC United 2 Steven Birnbaum
40%
NYCFC 22 Taty Castellanos
40%
New England 3 Teal Bunbury
40%
Montreal 2 Victor Wanyama
40%
Nashville 3 Walker Zimmerman
40%
DC United 4 Yordy Reyna
40%
Nashville 1 Abu Danladi
20%
Houston 1 Adalberto Carrasquilla
20%
Minnesota 7 Adrien Hunou
20%
Montreal 2 Ahmed Hamdi
20%
Nashville 1 Aké Loba
20%
Sporting KC 8 Alan Pulido
20%
Real Salt Lake 11 Albert Rusnak
20%
Toronto 1 Alejandro Pozuelo
20%
NYCFC 2 Alexander Callens
20%
Nashville 3 Alex Muyl
20%
Cincinnati 1 Allan Cruz
20%
Cincinnati 3 Alvaro Barreal
20%
Colorado 4 André Shinyashiki
20%
DC United 1 Andy Najar
20%
Atlanta 2 Anton Walkes
20%
Minnesota 1 Bakaye Dibassy
20%
Seattle 3 Bradley Smith
20%
Columbus 1 Bradley Wright-Phillips
20%
Colorado 2 Braian Galvan
20%
Cincinnati 4 Brandon Vazquez
20%
Cincinnati 8 Brenner
20%
Minnesota 2 Brent Kallman
20%
Nashville 1 Brian Anunga
20%
Vancouver 12 Brian White
20%
San José 5 Cade Cowell
20%
Sporting KC 2 Cameron Duke
20%
Austin 7 Cecilio Dominguez
20%
Minnesota 1 Chase Gasper
20%
Orlando 3 Chris Mueller
20%
San José 5 Chris Wondolowski
20%
Colorado 5 Cole Bassett
20%
LAFC 3 Corey Baird
20%
Portland 3 Cristhian Paredes
20%
LAFC 14 Cristian Arango
20%
Philadelphia 5 Daniel Gazdag
20%
Nashville 1 Daniel Rios
20%
Colorado 2 Daniel Wilson
20%
LAFC 4 Danny Musovski
20%
Columbus 2 Darlington Nagbe
20%
Houston 3 Darwin Quintero
20%
Orlando 11 Daryl Dike
20%
LAFC 6 Diego Rossi
20%
Colorado 5 Diego Rubio
20%
Portland 2 Diego Valeri
20%
DC United 2 Edison Flores
20%
LAFC 2 Eduard Atuesta
20%
Minnesota 5 Emanuel Reynoso
20%
Atlanta 1 Emerson Hyndman
20%
Atlanta 1 Erik Lopez
20%
Red Bulls 7 Fabio
20%
Houston 11 Fafa Picault
20%
Minnesota 1 Fanendo Adi
20%
Miami 3 Federico Higuain
20%
DC United 1 Felipe Martins
20%
Portland 13 Felipe Mora
20%
Minnesota 6 Franco Fragapane
20%
DC United 1 Frédéric Brillant
20%
Sporting KC 5 Gadi Kinda
20%
Atlanta 1 George Bello
20%
Atlanta 1 George Campbell
20%
Sporting KC 2 Gianluca Busio
20%
Houston 2 Griffin Dorsey
20%
DC United 1 Griffin Yow
20%
Cincinnati 2 Gustavo Valecilla
20%
Columbus 9 Gyasi Zardes
20%
Cincinnati 3 Haris Medunjanin
20%
Minnesota 2 Hassani Dotson
20%
Austin 1 Hector Jimenez
20%
Cincinnati 1 Isaac Atanga
20%
Philadelphia 2 Jack Elliott
20%
Nashville 1 Jack Maher
20%
Atlanta 1 Jackson Conway
20%
Dallas 9 Jader Obrian
20%
Atlanta 1 Jake Mulraney
20%
Nashville 1 Jalil Anibaba
20%
Austin 1 Jared Stroud
20%
San José 12 Javier Lopez
20%
Sporting KC 2 Jaylin Lindsey
20%
Nashville 3 Jhonder Cadiz
20%
Montreal 4 Joaquin Torres
20%
Austin 3 Jon Gallagher
20%
DC United 1 José Alfaro
20%
LAFC 5 José Cifuentes
20%
Sporting KC 1 Jose Mauri
20%
Toronto 4 Jozy Altidore
20%
DC United 2 Julian Gressel
20%
Austin 2 Julio Cascante
20%
DC United 1 Junior Moreno
20%
Orlando 4 Junior Urso
20%
Real Salt Lake 2 Justen Glad
20%
Real Salt Lake 2 Justin Meram
20%
Philadelphia 12 Kacper Przybylko
20%
Philadelphia 3 Kai Wagner
20%
Montreal 1 Kamal Miller
20%
Colorado 2 Keegan Rosenberry
20%
Colorado 1 Kellyn Acosta
20%
Seattle 1 Kelyn Rowe
20%
DC United 3 Kevin Paredes
20%
Sporting KC 4 Khiry Shelton
20%
Orlando 1 Kyle Smith
20%
Colorado 2 Lalas Abubakar
20%
Montreal 1 Lassi Lappalainen
20%
LAFC 2 Latif Blessing
20%
Miami 2 Lewis Morgan
20%
Colorado 1 Lucas Esteves
20%
Columbus 12 Lucas Zelarayan
20%
Cincinnati 7 Luciano Acosta
20%
Sporting KC 1 Luis Martins
20%
Atlanta 4 Luiz Araujo
20%
Nashville 2 Luke Haakenson
20%
LAFC 4 Mamadou Fall
20%
Atlanta 9 Marcelino Moreno
20%
Montreal 7 Mason Toye
20%
Montreal 2 Mathieu Choinière
20%
Houston 3 Matias Vera
20%
Austin 1 Mckinze Gaines
20%
Colorado 8 Michael Barrios
20%
Toronto 1 Michael Bradley
20%
Atlanta 1 Miles Robinson
20%
Austin 1 Moussa Djitté
20%
Orlando 10 Nani
20%
Cincinnati 1 Nick Hagglund
20%
Sporting KC 1 Nicolas Isimat-Mirin
20%
DC United 4 Nigel Robertha
20%
Minnesota 1 Nikolaj Hansen
20%
Toronto 3 Omar Gonzalez
20%
Minnesota 1 Osvaldo Alonso
20%
DC United 6 Paul Arriola
20%
Columbus 4 Pedro Santos
20%
DC United 5 Ramon Abila
20%
Nashville 8 Randall Leal
20%
Seattle 17 Raul Ruidiaz
20%
Sporting KC 1 Rémi Walter
20%
Miami 4 Robbie Robinson
20%
Minnesota 9 Robin Lod
20%
Montreal 8 Romell Quioto
20%
Cincinnati 2 Ronald Matarrita
20%
Montreal 3 Rudy Camacho
20%
DC United 1 Russell Canouse
20%
Portland 1 Santiago Moreno
20%
Austin 5 Sebastian Driussi
20%
LA Galaxy 3 Sebastian Lletget
20%
Philadelphia 6 Sergio Santos
20%
Seattle 1 Shane O'Neill
20%
Montreal 4 Sunusi Ibrahim
20%
New England 2 Thomas McNamara
20%
Austin 2 Tomas Pochettino
20%
Cincinnati 1 Tyler Blackett
20%
Houston 4 Tyler Pasher
20%
LA Galaxy 3 Victor Vazquez
20%
New England 1 Wilfrid Kaptoum
20%
Seattle 3 Will Bruin
20%
Minnesota 1 Wil Trapp
20%
DC United 2 Yamil Asad
20%
Toronto 3 Yeferson Soteldo
20%
Montreal 2 Zachary Brault-Guillard
20%
Cincinnati 1 Zico Bailey
20%
Real Salt Lake 1 Aaron Herrera
0%
Philadelphia 3 Alejandro Bedoya
0%
Seattle 1 Alex Roldan
0%
Montreal 1 Aljaz Struna
0%
Chicago 3 Alvaro Medran
0%
Real Salt Lake 9 Anderson
0%
Orlando 2 Andres Perea
0%
Red Bulls 2 Andrés Reyes
0%
Dallas 1 Andrés Ricaurte
0%
Red Bulls 2 Andrew Gutman
0%
Orlando 2 Antonio Carlos
0%
Colorado 1 Auston Trusty
0%
Toronto 3 Ayo Akinola
0%
San José 4 Benjamin Kikanovic
0%
Orlando 4 Benji Michel
0%
Portland 1 Bill Tuiloma
0%
Montreal 2 Bjorn Johnsen
0%
Chicago 2 Boris Sekulic
0%
Miami 2 Brek Shea
0%
Dallas 1 Bressan
0%
Vancouver 1 Bruno Gaspar
0%
Red Bulls 4 Caden Clark
0%
San José 3 Carlos Fierro
0%
Chicago 1 Carlos Teran
0%
Real Salt Lake 2 Chang
0%
Chicago 1 Chinonso Offor
0%
Miami 2 Christian Makoun
0%
Colorado 1 Collen Warner
0%
Philadelphia 4 Cory Burke
0%
Red Bulls 6 Cristian Casseres
0%
Vancouver 11 Cristian Dajome
0%
San José 3 Cristian Espinoza
0%
Seattle 6 Cristian Roldan
0%
Portland 10 Dairon Asprilla
0%
Real Salt Lake 16 Damir Kreilach
0%
Dallas 1 Dante Sealy
0%
Vancouver 5 Deiber Caicedo
0%
LA Galaxy 2 Dejan Joveljic
0%
Columbus 1 Derick Étienne
0%
Red Bulls 1 Dru Yearwood
0%
LA Galaxy 2 Efrain Alvarez
0%
Vancouver 1 Erik Godoy
0%
Real Salt Lake 1 Erik Lee Holt
0%
Portland 1 Eryk Williamson
0%
LA Galaxy 1 Ethan Zubak
0%
Chicago 1 Federico Navarro
0%
Vancouver 1 Florian Jungwirth
0%
Chicago 1 Francisco Calvo
0%
Dallas 7 Franco Jara
0%
Red Bulls 1 Frankie Amaya
0%
Seattle 7 Fredy Montero
0%
Chicago 2 Gaston Gimenez
0%
Portland 2 George Fochive
0%
NYCFC 2 Gudmundur Thorarinsson
0%
Toronto 2 Ifunanyachi Achara
0%
Chicago 4 Ignacio Aliseda
0%
Miami 3 Indiana Vassilev
0%
San José 3 Jackson Yueill
0%
Toronto 3 Jacob Shaffelburg
0%
Vancouver 1 Jake Nerwinski
0%
Philadelphia 4 Jakob Glesnes
0%
Philadelphia 2 Jamiro Monteiro
0%
Vancouver 1 Janio Bikel
0%
Portland 3 Jaroslaw Niezgoda
0%
San José 5 Jeremy Ebobisse
0%
NYCFC 9 Jesus Medina
0%
Orlando 1 Jhegson Mendez
0%
Seattle 4 Jimmy Medranda
0%
Seattle 3 Joao Paulo
0%
Red Bulls 1 John Tolkin
0%
Real Salt Lake 1 Jonathan Menendez
0%
Columbus 2 Jonathan Mensah
0%
Toronto 4 Jonathan Osorio
0%
Toronto 1 Jordan Perruzza
0%
Miami 1 Jorge Figal
0%
Miami 1 Julian Carranza
0%
NYCFC 4 Keaton Parks
0%
Toronto 1 Kemar Lawrence
0%
LA Galaxy 5 Kevin Cabral
0%
Columbus 1 Kevin Molino
0%
Miami 1 Kieran Gibbs
0%
Red Bulls 1 Kyle Duncan
0%
Portland 2 Larrys Mabiala
0%
Seattle 1 Leo Chu
0%
Philadelphia 1 Leon Maximilian Flach
0%
Vancouver 3 Lucas Cavallini
0%
Columbus 1 Luis Diaz
0%
Chicago 8 Luka Stojanovic
0%
Toronto 1 Luke Singh
0%
NYCFC 1 Malte Amundsen
0%
Toronto 3 Marco Delgado
0%
Colorado 1 Mark-Anthony Kaye
0%
Portland 2 Marvin Loria
0%
Montreal 1 Matko Miljevic
0%
Dallas 1 Matt Hedges
0%
Orlando 1 Mauricio Pereyra
0%
Chicago 1 Mauricio Pineda
0%
NYCFC 4 Maxi Moralez
0%
Columbus 8 Miguel Berry
0%
LAFC 1 Moon-Hwan Kim
0%
San José 2 Nathan Cardoso
0%
Toronto 1 Nick DeLeon
0%
Seattle 3 Nicolas Benezet
0%
Colorado 1 Nicolas Mezquida
0%
Dallas 1 Nkosi Burgess
0%
Toronto 1 Noble Okello
0%
Red Bulls 3 Omir Fernandez
0%
San José 2 Oswaldo Alanis
0%
Red Bulls 8 Patryk Klimala
0%
San José 1 Paul Marie
0%
Philadelphia 3 Paxten Aaronson
0%
Dallas 1 Paxton Pomykal
0%
Chicago 2 Przemyslaw Frankowski
0%
Philadelphia 2 Quinn Sullivan
0%
Toronto 1 Ralph Priso
0%
Vancouver 1 Ranko Veselinovic
0%
LA Galaxy 5 Rayan Raveloson
0%
Toronto 3 Richie Laryea
0%
Chicago 8 Robert Beric
0%
Orlando 3 Robin Jansson
0%
Miami 3 Rodolfo Pizarro
0%
Orlando 2 Ruan
0%
Real Salt Lake 8 Rubio Rubin
0%
Vancouver 1 Russell Teibert
0%
Vancouver 4 Ryan Gauld
0%
Dallas 3 Ryan Hollingshead
0%
LA Galaxy 5 Sacha Kljestan
0%
LA Galaxy 3 Samuel Grandsir
0%
Colorado 1 Sam Vines
0%
Red Bulls 1 Sean Nealis
0%
Portland 9 Sebastian Blanco
0%
Orlando 3 Silvester van der Water
0%
NYCFC 3 Talles Magno
0%
Orlando 3 Tesho Akindele
0%
NYCFC 4 Thiago
0%
Red Bulls 1 Tom Barlow
0%
LAFC 1 Tristan Blackmon
0%
Toronto 1 Tsubasa Endoh
0%
Red Bulls 1 Wikelman Carmona
0%
Seattle 2 Xavier Arreaga
0%
Seattle 1 Yeimar Andrade
0%
Portland 6 Yimmi Chara
0%
Colorado 1 Younes Namli
0%
No matching quizzes found
Score Distribution
Percent of People with Each Score
Percentile by Number Answered
Your Score History
You have not taken this quiz